000 00370nam a2200169Ia 4500
100 _aGonzalez.Rafael C
650 _aMatlab
250 _a2
942 _cBK
366 _f20
245 _aDigital Image Processing using MATLAB
260 _bTata Mc Graw hill Ltd.
_c2010
082 _a621.367
_bGON
300 _a738
546 _aENGLISH
_cComputers
999 _c20358
_d20358